[Event "Ambelokipi op 82nd"]
[Site "Athens"]
[Date "2007.11.05"]
[Round "1"]
[White "Kharlampidi, Tengiz"]
[Black "Misailidis, Konstantinos"]
[Result "1-0"]
[WhiteElo "2130"]
[BlackElo "1554"]
[PlyCount "123"]
[EventDate "2007.11.03"]
[EventType "swiss"]
[EventRounds "7"]
[EventCountry "GRE"]
[SourceTitle "EXT 2024"]
[Source "ChessBase"]
[SourceDate "2023.10.10"]
[SourceVersion "1"]
[SourceVersionDate "2023.10.10"]
[SourceQuality "1"]

1. e4 c5 2. Nc3 e6 3. f4 d5 4. Nf3 dxe4 5. Nxe4 Nf6 6. Bb5+ Nbd7 7. Nxf6+ Qxf6 8. 0-0 Bd6 9. d4 cxd4 10. Qxd4 Qxd4+ 11. Nxd4 a6 12. Be2 Bc5 13. Be3 e5 14. Nf5 Bxe3+ 15. Nxe3 0-0 16. Nd5 exf4 17. Bg4 Kh8 18. Rxf4 Ne5 19. Be2 Be6 20. Nc7 Rac8 21. Nxe6 fxe6 22. Rxf8+ Rxf8 23. Rd1 g6 24. Rd6 Re8 25. Kf2 Kg7 26. Ke3 Kf6 27. c4 Rc8 28. b3 h5 29. h3 Rc7 30. Rd4 Nc6 31. Rf4+ Ke5 32. Bd3 Ne7 33. Re4+ Kf6 34. Rf4+ Nf5+ 35. Kd2 e5 36. Rf2 Rd7 37. Kc3 h4 38. Be4 Kg5 39. Bd5 Ne3 40. Bf3 e4 41. Be2 Nd1+ 42. Bxd1 Rxd1 43. Kc2 Rd7 44. b4 e3 45. Rf3 Rd2+ 46. Kb3 Rxg2 47. Rxe3 Rg3 48. Rc3 Kf4 49. c5 Rxc3+ 50. Kxc3 Kg3 51. a4 Kxh3 52. b5 axb5 53. axb5 Kg3 54. c6 bxc6 55. b6 h3 56. b7 h2 57. b8Q+ Kg2 58. Qb2+ Kg1 59. Qc1+ Kg2 60. Qg5+ Kf2 61. Qh4+ Kg1 62. Qg3+ 1-0

[Event "Peiraikos 60th Anniv op"]
[Site "Piraeus"]
[Date "2006.09.05"]
[Round "4"]
[White "Sideris, Theodoros"]
[Black "Kharlampidi, Tengiz"]
[Result "1-0"]
[WhiteElo "2044"]
[BlackElo "2181"]
[PlyCount "101"]
[EventDate "2006.09.02"]
[EventType "swiss"]
[EventRounds "7"]
[EventCountry "GRE"]
[SourceTitle "EXT 2008"]
[Source "ChessBase"]
[SourceDate "2007.11.25"]
[SourceVersion "1"]
[SourceVersionDate "2007.11.25"]
[SourceQuality "1"]

1. e4 c5 2. Nf3 Nc6 3. c3 Nf6 4. e5 Nd5 5. d4 cxd4 6. cxd4 e6 7. Bc4 Nb6 8. Bb5 a6 9. Bxc6 dxc6 10. 0-0 c5 11. Bg5 Qd7 12. Nc3 h6 13. Bf4 c4 14. a4 Nd5 15. Nxd5 Qxd5 16. Ne1 b5 17. axb5 axb5 18. Rxa8 Qxa8 19. Nc2 Be7 20. Qg4 Qe4 21. Ne3 g5 22. Bg3 Qxg4 23. Nxg4 h5 24. Nf6+ Bxf6 25. exf6 Kd7 26. Be5 Bb7 27. Ra1 Kc6 28. f3 Kb6 29. Kf2 Rc8 30. Bd6 Kc6 31. Be7 Kd5 32. Ra7 Rc7 33. Ke3 Rd7 34. Ra1 Bc6 35. f4 g4 36. g3 Bb7 37. h3 Rc7 38. Bb4 gxh3 39. Rh1 Bc8 40. Rxh3 Ra7 41. Rxh5+ Kc6 42. Rc5+ Kd7 43. Rxb5 Ra1 44. Rg5 Ra7 45. Rg7 Kc6 46. g4 Rb7 47. Bc3 Kd5 48. g5 e5 49. g6 exf4+ 50. Kxf4 Be6 51. Rh7 1-0

[Event "Athens Acropolis op"]
[Site "Athens"]
[Date "2006.08.16"]
[Round "4"]
[White "Kharlampidi, Tengiz"]
[Black "Alexakis, Dimitrios"]
[Result "1/2-1/2"]
[WhiteElo "2181"]
[BlackElo "2201"]
[PlyCount "86"]
[EventDate "2006.08.13"]
[EventType "swiss"]
[EventRounds "9"]
[EventCountry "GRE"]
[SourceTitle "CBM 113 Extra"]
[Source "ChessBase"]
[SourceDate "2006.09.14"]
[SourceVersion "1"]
[SourceVersionDate "2006.09.14"]
[SourceQuality "1"]

1. e4 d5 2. exd5 Qxd5 3. Nc3 Qa5 4. d4 Nf6 5. Bc4 Bf5 6. Nf3 e6 7. a3 c6 8. Bf4 Ne4 9. 0-0 Nxc3 10. Qd2 Nd7 11. bxc3 Be7 12. Rfb1 b5 13. Bd3 Bxd3 14. cxd3 Nb6 15. Bc7 Rc8 16. Bxb6 Qxb6 17. a4 a6 18. c4 0-0 19. axb5 axb5 20. Qa5 Qxa5 21. Rxa5 bxc4 22. dxc4 Rb8 23. Raa1 Bf6 24. Rxb8 Rxb8 25. c5 Kf8 26. Kf1 Ke8 27. Ke2 h5 28. Ra2 g5 29. Kd3 Rb3+ 30. Kc4 Rb1 31. Nd2 Rd1 32. Kd3 g4 33. g3 Bg5 34. Ke2 Rxd2+ 35. Rxd2 Bxd2 36. Kxd2 Ke7 37. Ke3 f5 38. f4 Kd7 39. Kd3 Kc7 40. Kc4 Kb7 41. Kb4 Ka6 42. Ka4 Kb7 43. Ka5 Ka7 1/2-1/2

[Event "Athens Acropolis op"]
[Site "Athens"]
[Date "2006.08.14"]
[Round "2"]
[White "Kharlampidi, Tengiz"]
[Black "Sriram, Jha"]
[Result "0-1"]
[WhiteElo "2181"]
[BlackElo "2408"]
[PlyCount "92"]
[EventDate "2006.08.13"]
[EventType "swiss"]
[EventRounds "9"]
[EventCountry "GRE"]
[SourceTitle "CBM 113 Extra"]
[Source "ChessBase"]
[SourceDate "2006.09.14"]
[SourceVersion "1"]
[SourceVersionDate "2006.09.14"]
[SourceQuality "1"]

1. e4 e5 2. Nf3 Nc6 3. Bb5 a6 4. Ba4 Nf6 5. Bxc6 dxc6 6. d3 Nd7 7. 0-0 c5 8. Nbd2 Be7 9. Nc4 f6 10. Ne3 Nf8 11. Nh4 g6 12. f4 exf4 13. Rxf4 Be6 14. Rf1 Qd6 15. Ng4 0-0-0 16. Be3 Nd7 17. b3 Kb8 18. Kh1 h5 19. Bf4 Qb6 20. Ne3 g5 21. Nef5 Rh7 22. Nxe7 Rxe7 23. Ng6 Rg7 24. Qxh5 Bf7 25. Bg3 Bxg6 26. Qf3 Qe6 27. b4 Rf7 28. bxc5 f5 29. Rfb1 fxe4 30. Qe3 Qd5 31. d4 Nf8 32. Be5 Ne6 33. Rb4 Rdf8 34. Kg1 Rf5 35. Bg3 Kc8 36. Rab1 Qxa2 37. h3 Qxc2 38. Kh2 Rf1 39. Rxf1 Rxf1 40. c6 Qxc6 41. d5 Qc5 42. Qxc5 Nxc5 43. Rc4 b6 44. d6 e3 45. dxc7 e2 46. Rd4 Rd1 0-1

[Event "Nikaia op 14th"]
[Site "Nikaia"]
[Date "2006.08.??"]
[Round "2"]
[White "Hatzipapas, Theodoros"]
[Black "Kharlampidi, Tengiz"]
[Result "1/2-1/2"]
[WhiteElo "1876"]
[BlackElo "2181"]
[PlyCount "95"]
[EventDate "2006.08.??"]
[EventType "swiss"]
[EventRounds "9"]
[EventCountry "GRE"]
[SourceTitle "EXT 2008"]
[Source "ChessBase"]
[SourceDate "2007.11.25"]
[SourceVersion "1"]
[SourceVersionDate "2007.11.25"]
[SourceQuality "1"]

1. e4 c5 2. Nc3 e6 3. d3 d5 4. g3 dxe4 5. dxe4 Qxd1+ 6. Nxd1 Nf6 7. Bg2 Nc6 8. Ne2 Nd4 9. Ne3 Rb8 10. c3 Nxe2 11. Kxe2 b6 12. e5 Ba6+ 13. c4 Nd5 14. b3 Ne7 15. Ba3 h5 16. f4 Bb7 17. Kf2 Bxg2 18. Kxg2 Nc6 19. Bb2 Rd8 20. Rhd1 g6 21. Rxd8+ Kxd8 22. Nf1 Kc7 23. Bc3 Be7 24. Rd1 a6 25. Rd2 b5 26. Ne3 Ra8 27. h3 b4 28. Bb2 a5 29. Rd3 a4 30. bxa4 Rxa4 31. a3 Ra8 32. Nc2 Na5 33. Ne3 Rf8 34. Kf3 f6 35. exf6 Bxf6 36. Bxf6 Rxf6 37. axb4 cxb4 38. Ke4 Nc6 39. Nc2 Rf7 40. Rb3 Rd7 41. Nxb4 Rd4+ 42. Ke3 Rxc4 43. Nxc6 Kxc6 44. Rd3 Rc1 45. Ke4 Re1+ 46. Kf3 Ra1 47. Ke4 Re1+ 48. Kf3 1/2-1/2

[Event "Ambelokipi op 65th"]
[Site "Athens"]
[Date "2005.09.24"]
[Round "3"]
[White "Kharlampidi, Tengiz"]
[Black "Sideris, Theodoros"]
[Result "0-1"]
[WhiteElo "2203"]
[BlackElo "2058"]
[PlyCount "89"]
[EventDate "2005.09.17"]
[EventType "swiss"]
[EventRounds "7"]
[EventCountry "GRE"]
[SourceTitle "EXT 2007"]
[Source "ChessBase"]
[SourceDate "2006.11.23"]
[SourceVersion "1"]
[SourceVersionDate "2006.11.23"]
[SourceQuality "1"]

1. e4 c5 2. Nc3 e6 3. f4 a6 4. a4 d5 5. Nf3 Nc6 6. d3 g6 7. g3 Bg7 8. Bg2 Nge7 9. 0-0 Rb8 10. Nh4 d4 11. Ne2 f5 12. b3 0-0 13. Ba3 b6 14. Qe1 fxe4 15. Bxe4 Nd5 16. a5 Ncb4 17. Qd2 Ne3 18. Rfc1 Nbd5 19. axb6 Qxb6 20. Ng2 Nxg2 21. Bxg2 Ne3 22. Be4 e5 23. Bb2 Bg4 24. fxe5 Bxe5 25. Re1 Qf6 26. Nf4 Bxf4 27. gxf4 Qxf4 28. Rxe3 Bh3 29. Qe1 dxe3 30. Bd5+ Rf7 31. Bxf7+ Kxf7 32. Qg3 Qxg3+ 33. hxg3 Rb6 34. Ba3 e2 35. Bxc5 Rc6 36. b4 a5 37. Kf2 Bg4 38. Ke3 axb4 39. Ra7+ Kg8 40. Bxb4 Rxc2 41. Ra8+ Kg7 42. Ra7+ Kf6 43. Rxh7 Rc1 44. Kf4 Bf5 45. g4 0-1

[Event "Nikaia op 13th"]
[Site "Nikaia"]
[Date "2005.08.25"]
[Round "4"]
[White "Kharlampidi, Tengiz"]
[Black "Khetsuriani, Besarion"]
[Result "0-1"]
[WhiteElo "2203"]
[BlackElo "2382"]
[PlyCount "82"]
[EventDate "2005.08.23"]
[EventType "swiss"]
[EventRounds "9"]
[EventCountry "GRE"]
[SourceTitle "CBM 108 Extra"]
[Source "ChessBase"]
[SourceDate "2005.11.04"]
[SourceVersion "1"]
[SourceVersionDate "2005.11.04"]
[SourceQuality "1"]

1. e4 e5 2. Nf3 Nc6 3. Bb5 Nf6 4. 0-0 Nxe4 5. d4 Be7 6. Re1 Nd6 7. Bxc6 dxc6 8. Nxe5 0-0 9. Nd2 Bf5 10. Nf1 f6 11. Nf3 Qd7 12. c3 Bg6 13. Ng3 Rfe8 14. Nh4 Bf7 15. Qc2 Bf8 16. Be3 Bd5 17. b3 b5 18. Nhf5 Be4 19. Nxe4 Qxf5 20. f3 Nxe4 21. fxe4 Rxe4 22. Qd2 Rae8 23. Bf2 Rxe1+ 24. Rxe1 Rxe1+ 25. Qxe1 Kf7 26. Qd1 Bd6 27. g3 h5 28. c4 h4 29. c5 hxg3 30. hxg3 Be7 31. Qe2 g6 32. Qd2 Qb1+ 33. Kg2 Qe4+ 34. Kh2 Qf5 35. Kg1 a6 36. Qa5 Qc8 37. Be3 f5 38. Qd2 Qd7 39. Qa5 Bf6 40. Qc3 g5 41. Kf2 f4 0-1

[Event "Nikaia op 12th"]
[Site "Nikaia"]
[Date "2004.??.??"]
[Round "3"]
[White "Kharlampidi, Tengiz"]
[Black "Mihailidis, Anastasios"]
[Result "0-1"]
[WhiteElo "2160"]
[BlackElo "2260"]
[PlyCount "111"]
[EventDate "2004.08.??"]
[EventType "swiss"]
[EventRounds "9"]
[EventCountry "GRE"]
[SourceTitle "EXT 2007"]
[Source "ChessBase"]
[SourceDate "2006.11.23"]
[SourceVersion "1"]
[SourceVersionDate "2006.11.23"]
[SourceQuality "1"]

1. e4 e5 2. Nf3 Nc6 3. Bb5 a6 4. Ba4 Nf6 5. Bxc6 dxc6 6. d3 Bd6 7. Nbd2 Be6 8. d4 Nd7 9. 0-0 0-0 10. dxe5 Nxe5 11. Nxe5 Bxe5 12. Qe2 Qf6 13. c3 Qh6 14. Nf3 Qh4 15. Qe3 Bc4 16. Re1 Bd6 17. Qg5 Qxg5 18. Bxg5 f6 19. Bh4 Rfe8 20. Nd2 Bf7 21. Bg3 Rad8 22. Nf1 Rd7 23. f3 Bc4 24. Ne3 Bc5 25. Bf2 Rd2 26. b3 Be6 27. Kf1 f5 28. Nd1 Be7 29. Be3 Rc2 30. e5 g5 31. Re2 Rxe2 32. Kxe2 f4 33. Bd2 Rd8 34. g3 fxg3 35. hxg3 Rd5 36. f4 Bg4+ 37. Ke1 Rd3 38. Ne3 Bf3 39. Nf5 Bc5 40. b4 Bb6 41. Rc1 Be4 42. Nh6+ Kg7 43. fxg5 Rxg3 44. c4 Rg1+ 45. Ke2 Rg2+ 46. Kf1 Rg1+ 47. Ke2 Rg2+ 48. Kd1 Bd4 49. e6 Kf8 50. c5 Bf3+ 51. Kc2 Be3 52. e7+ Ke8 53. Kd3 Bxd2 54. Rc2 Bxg5 55. Rxg2 Bxg2 56. Nf5 0-1